| 000 | 00000nam##2200000za#4500 |
| 001 | 9.631479 |
| 003 | CaOODSP |
| 005 | 20210624214340 |
| 007 | cr ||||||||||| |
| 008 | 150407|2004||||xxc|||||o f|0| 0 fre|d |
| 020 | |a0-662-76927-9 |
| 040 | |aCaOODSP|bfre |
| 043 | |an-cn--- |
| 086 | 1 |aEn84-3/2004F-PDF |
| 110 | 1 |aCanada. |bEnvironnement Canada. |
| 245 | 10|aCaractérisation du bassin atmosphérique du bassin de Géorgia/Puget Sound / |h[ressource électronique]|créalisée par Bruce Thomson ; publié par en collaboration avec le United States Environmental Protection Agency. |
| 260 | |aOttawa - Ontario : |bEnvironnement Canada |c[2004]. |
| 300 | |a160p.|bcartes en couleur, figures (certaines en couleur), graphiques, références, tableaux |
| 500 | |a« L'étude a ciblé trois grands éléments de la pollution atmosphérique : l'ozone troposphérique (ozone), les particules fines (PM) et la visibilité. Ces éléments ne sont pas seulement des sujets de préoccupation pour le public, mais également d'importants facteurs dans l'élaboration des normes et des stratégies internationales sur la qualité de l'air »--Sommaire. |
| 590 | |a14-08-Supp|b2014-04-10 |
| 775 | 08|tCharacterization of the Georgia Basin/Puget Sound airshed / |w(CaOODSP)9.687016 |
| 856 | 40|ahttp://publications.gc.ca|qPDF|s5.56 Mo|uhttps://publications.gc.ca/collections/collection_2014/ec/En84-3-2004-fra.pdf |